Od podnikové přes finanční k vlastnické restrukturalizaci firmy

Východzie poňatie reštrukturalizácie podniku. Dôvody, stratégie a charakter podnikovej reštrukturalizácie. Základné oblasti reštrukturalizačných opatrení. Finančná reštrukturalizácia. Vlastnícka reštrukturalizácia.

Salvato in:
Dettagli Bibliografici
Autore principale: Tětrevová, Liběna
Natura: Capitolo di libro
Lingua:ceco
Soggetti:
Tags: Aggiungi Tag
Nessun Tag, puoi essere il primo ad aggiungerne!!

MARC

LEADER 00000naa$a2200000$$$4500
001 0002760
005 20231002120057.9
041 0 |a cze 
044 |a SK 
245 1 0 |a Od podnikové přes finanční k vlastnické restrukturalizaci firmy  |c aut. Liběna Tetřevová 
520 |a Východzie poňatie reštrukturalizácie podniku. Dôvody, stratégie a charakter podnikovej reštrukturalizácie. Základné oblasti reštrukturalizačných opatrení. Finančná reštrukturalizácia. Vlastnícka reštrukturalizácia. 
610 2 0 |a reštrukturalizácia 
610 2 0 |a reštrukturalizácia finančná 
610 2 0 |a podnik 
610 2 0 |a zmeny organizačné 
100 1 |a Tětrevová, Liběna